00446nam a2200145Ia 4500008004100000040001900041041001200060082002500072100002300097245008000120260004500200300001700245650002000262850001800282131103s9999 xx 000 0 und d aLoreto College aEnglish a440/COUbLCLIB/16232 aCoulson, Evelyn L. aFrench In The Secondary Schoolb story of an experiment cEvelyn L. Coulson aLondonbThomas Nelson and Sons Ltdc1951 a159p c 22cm aFrench language aLCLIB/440/COU